Music Quiz

Random Music or Celebrity Quiz

Musicians Upside Down II Quiz Stats

Quiz Updated Oct 27, 2017

Challenge
Share
Tweet
Score 0/20 Timer 05:00
0 Plays Today
% Correct
Bob Marley
95.4%
Taylor Swift
89.8%
Prince
89.7%
Snoop Dogg
88.9%
Stevie Wonder
88.4%
Paul McCartney
85.5%
Mariah Carey
80.3%
Louis Armstrong
78.6%
Lady Gaga
78.4%
Madonna
75.8%
% Correct
Reba McEntire
71.6%
Tom Petty
68.6%
Billy Joel
58.8%
Donna Summer
43.7%
Michael Bolton
42%
Grace Slick
23%
Christine McVie
19.1%
Tammy Wynette
15.4%
Lesley Gore
12.5%
Leonard Bernstein
7%

You're not logged in!

Compare scores with friends on all Sporcle quizzes.
Sign Up with Email
OR
Log In

You Might Also Like...

Show Comments

Extras

Top Quizzes Today


Score Distribution

Your Account Isn't Verified!

In order to create a playlist on Sporcle, you need to verify the email address you used during registration. Go to your Sporcle Settings to finish the process.

Report this User

Report this user for behavior that violates our Community Guidelines.

Details: